Alea, dívka moře. Řeka zapomnění /
Další díl plný dobrodružství, výjimečného přátelství a tajemství ukrytého v hlubinách moře.
Uloženo v:
| Série: | Alea, dívka moře,
část 6 |
|---|---|
| Hlavní autor: | |
| Další autoři: | , |
| Médium: | E-kniha |
| Jazyk: | Czech |
| Vydáno: |
V Praze :
Fragment,
2021
|
| Vydání: | 1. vydání |
| Témata: | |
| Příbuzné jednotky: | Z cyklu::
Alea, dívka moře |
| Tagy: |
Žádné tagy |
| LEADER | 02895nam a2200541 i 4500 | ||
|---|---|---|---|
| 001 | 311328 | ||
| 003 | CZ PrSKC | ||
| 005 | 20260601215703.0 | ||
| 007 | ta | ||
| 008 | 210505s2021 xr a c 000 f cze | ||
| 015 | |a cnb003323104 | ||
| 020 | |a 9788025351185 |q (vázáno) : |c Kč 449,00 | ||
| 035 | |a (OCoLC)1260124587 | ||
| 040 | |a ABG001 |b cze |d ABA001 |e rda | ||
| 041 | 1 | |a cze |h ger | |
| 072 | 7 | |a 821.112.2-3 |x Německá próza, německy psaná |2 Konspekt | |
| 072 | 7 | |a 821-93 |x Literatura pro děti a mládež (beletrie) |2 Konspekt | |
| 080 | |a 821.112.2-31 |2 MRF | ||
| 080 | |a 821-93 |2 MRF | ||
| 080 | |a (0:82-311.3) |2 MRF | ||
| 100 | 1 | |a Stewner, Tanya, |d 1974- |7 mzk2014804936 |4 aut | |
| 240 | 1 | 0 | |a Fluss des Vergessens. |l Česky |
| 245 | 1 | 0 | |a Alea, dívka moře. |p Řeka zapomnění / |c Tanya Stewnerová ; ilustrovala Claudia Carls ; z německého originálu Alea Aquarius 6 - Der Fluss des Vergessens ... přeložila Lucie Simonová |
| 246 | 3 | 0 | |a Řeka zapomnění |
| 250 | |a 1. vydání | ||
| 264 | 1 | |a V Praze : |b Fragment, |c 2021 | |
| 300 | |a 670 stran : |b ilustrace ; |c 22 cm | ||
| 336 | |a text |b txt |2 rdacontent | ||
| 337 | |a bez média |b n |2 rdamedia | ||
| 338 | |a svazek |b nc |2 rdacarrier | ||
| 520 | 2 | |a Další díl plný dobrodružství, výjimečného přátelství a tajemství ukrytého v hlubinách moře. |b Všichni členové posádky Alfa cru přišli o své vzpomínky - nepamatují si ani, kolik jich bylo původně a zda někdo nechybí. Jestli chtějí zjistit, co se s nimi stalo, musí se co nejrychleji zase zorientovat. Proč po nich jdou? A kdo je ten podivný muž v černém kabátě, který je sleduje ze břehu? Alea to ani v tak složité situaci nevzdává. Vždyť by to nebyla ona, kdyby i přes různá protivenství neudělala vše pro to, aby své přátele zachránila. Nakladatelská anotace. | |
| 521 | 8 | |a Pro čtenáře od 10 let | |
| 655 | 7 | |a německé romány |7 fd132945 |2 czenas | |
| 655 | 7 | |a dobrodružné romány |7 fd132061 |2 czenas | |
| 655 | 7 | |a publikace pro děti |7 fd133156 |2 czenas | |
| 655 | 9 | |a German fiction |2 eczenas | |
| 655 | 9 | |a adventure novels |2 eczenas | |
| 655 | 9 | |a children's literature |2 eczenas | |
| 700 | 1 | |a Carls, Claudia, |d 1978- |7 xx0233328 |4 ill | |
| 700 | 1 | |a Simonová, Lucie |7 ola2004235537 |4 trl | |
| 765 | 1 | |t Alea Aquarius | |
| 787 | 0 | 8 | |i Z cyklu: |t Alea, dívka moře |g 6 |
| 900 | |a ABA001 |b 21 | ||
| 928 | 9 | |a Albatros Media - Fragment | |
| 044 | |a xr | ||
| 910 | |a RBIT002 | ||
| 998 | |d 317817 |a https://core.palmknihy.cz/api/books/317817/cover?si9ddx |b https://core.palmknihy.cz/api/books/317817/cover/400?si9ddx |c https://core.palmknihy.cz/api/books/317817/cover/50?si9ddx |e 2030-10-01 |g 672 |i 9788025351185 |j https://core.palmknihy.cz/api/books/317817/preview.epub |k https://core.palmknihy.cz/api/books/317817/preview.pdf |l |q 49 |r 1 |s https://www.palmknihy.cz/kniha/317817 |t ebook |y 2021 |z 0 |v Alea, dívka moře |w 6 | ||
| 999 | |d 311326 | ||